Вып. 1: Аналитическая, неорганическая и физическая химия; Материалы республиканской конференции по химии и химической технологии

Detalhes bibliográficos
Parent link:Материалы республиканской конференции по химии и химической технологии: тезисы докладов/ Днепропетровский химико-технологический институт ; Украинский научно-исследовательский институт научно-технической информации и технико-экономических исследований (УкрНИИНТИ) ; под ред. А. Ф. Поливановой. Вып. 1: Аналитическая, неорганическая и физическая химия.— : [Б. и.], 1966
Idioma:russo
Publicado em: 1966
Assuntos:
Formato: Livro
KOHA link:https://koha.lib.tpu.ru/cgi-bin/koha/opac-detail.pl?biblionumber=249203

MARC

LEADER 00000nam2a2200000 4500
001 249203
005 20231101232444.0
035 |a (RuTPU)RU\TPU\book\271227 
090 |a 249203 
100 |a 20140203d1966 k y0rusy50 ca 
101 0 |a rus 
102 |a RU 
105 |a y z 100zy 
200 0 |a Вып. 1: Аналитическая, неорганическая и физическая химия 
210 |d 1966 
215 |a 107 с. 
461 1 |0 (RuTPU)RU\TPU\book\272165  |t Материалы республиканской конференции по химии и химической технологии  |o тезисы докладов  |o в 2 вып.  |f Днепропетровский химико-технологический институт ; Украинский научно-исследовательский институт научно-технической информации и технико-экономических исследований (УкрНИИНТИ) ; под ред. А. Ф. Поливановой  |v Вып. 1: Аналитическая, неорганическая и физическая химия  |n [Б. и.]  |d 1966  |s Химическая промышленность 
606 1 |a Химия  |2 stltpush  |3 (RuTPU)RU\TPU\subj\17362  |9 43035 
606 1 |a Химическая технология  |x Общие вопросы  |2 stltpush  |3 (RuTPU)RU\TPU\subj\68259  |9 83693 
610 1 |a аналитическая химия 
610 1 |a неорганическая химия 
610 1 |a физическая химия 
610 1 |a фотометрические методы 
610 1 |a сафранин 
610 1 |a колометрические реагенты 
610 1 |a церий 
610 1 |a гетерополисоединения 
610 1 |a фосфор 
610 1 |a ниобий 
610 1 |a пленочная полярография 
610 1 |a дитиокарбаминаты 
610 1 |a электроокисление 
610 1 |a свинец 
610 1 |a водные растворы 
610 1 |a металлы 
610 1 |a дитизон 
610 1 |a комплексные соединения 
610 1 |a химические реакции 
610 1 |a фруктоза 
610 1 |a глюкоза 
610 1 |a ИК-спектроскопия 
610 1 |a химические элементы 
610 1 |a тезисы докладов 
675 |a 54(063)  |v 3 
675 |a 66(063)  |v 3 
801 1 |a RU  |b 63413507  |c 20140203 
801 2 |a RU  |b 63413507  |c 20140210  |g RCR 
942 |c BK